000 00379nam a2200157Ia 4500
008 180921t2016 xxu||||| |||| 00| 0 sin d
041 _asin
100 _aSewell, Anna
245 _aBlack Beauty
260 _bGunasena
_aColombo
_c2016
300 _a998p, 18cm
700 _aPremasiri Mahingoda
_etr.
942 _cBK
999 _c10267
_d10267
003 LK-CoDNM
040 _aLK-CoDNM
_dLK-CoDNM
_eLK-CoDNM